| 000 | 004420000a22001690004500 | ||
|---|---|---|---|
| 003 | MACL | ||
| 005 | 20160108162625.0 | ||
| 008 | 160108b xxu||||| |||| 00| 0 eng d | ||
| 040 |
_aMACL _cMACL |
||
| 041 | _aEnglish | ||
| 082 | _a910/NAN | ||
| 100 |
_aJohn Murray _928765 |
||
| 245 |
_aA Handbook for Travellers in Syria and Palestine _bpart 1 |
||
| 260 |
_bJohn Murray _c1858 _aLondon |
||
| 650 |
_aTravel _930014 |
||
| 942 |
_cBK _k910/NAN _2ddc |
||
| 999 |
_c38583 _d38583 |
||